Statistics for World Capitals Closest to Washington DC

Click here to take the quiz!

General Stats

  • This quiz has been taken 2,155 times
  • The average score is 13 of 20

Answer Stats

milescapitalkm% Correct
1886Mexico City3034
97%
456Ottawa735
94%
1137Havana1829
91%
1447Kingston2328
81%
957Nassau1541
79%
1435Port-au-Prince2309
79%
2074Panama City3338
78%
1870Guatemala City3010
74%
1895San Salvador3050
71%
1476Santo Domingo2375
69%
2051San José3300
67%
1935Managua3115
62%
1656Belmopan2665
59%
1826Tegucigalpa2938
59%
2061Caracas3317
52%
1763St John's2837
48%
2026Kingstown3261
45%
1980Castries3187
41%
1888Roseau3039
38%
1725Basseterre2776
37%

Score Distribution

Percentile by Number Answered

Percent of People with Each Score

Your Score History

You have not taken this quiz